[Event "Titled Tuesday intern op 05th Jul Early"]
[Site "Chess.com INT"]
[Date "2022.07.05"]
[Round "11"]
[White "Chernomordik, Pavel"]
[Black "Kapitsyn, Mark"]
[Result "1/2-1/2"]
[WhiteElo "2197"]
[BlackElo "1814"]
[PlyCount "81"]
[EventDate "2022.07.05"]
[EventType "swiss (blitz)"]
[EventRounds "11"]
[EventCountry "USA"]
[SourceTitle "CBM 209 Extra"]
[Source "ChessBase"]
[SourceDate "2022.09.30"]
[SourceVersion "1"]
[SourceVersionDate "2022.09.30"]
[SourceQuality "1"]

1. e4 c5 2. Nc3 e6 3. f4 d5 4. Nf3 d4 5. Bb5+ Bd7 6. Bxd7+ Qxd7 7. Ne2 Nc6 8. d3 Nf6 9. 0-0 a5 10. a4 Nb4 11. Ne5 Qc7 12. Ng3 Be7 13. Nh5 Nxh5 14. Qxh5 g6 15. Qe2 0-0 16. Nc4 f5 17. c3 Nc6 18. exf5 exf5 19. Qe6+ Kg7 20. Bd2 Rae8 21. Qd5 Rd8 22. Qf3 Bf6 23. Rae1 Rfe8 24. Rxe8 Rxe8 25. Qd5 Ne7 26. Qe6 Qc6 27. Qxc6 Nxc6 28. Nd6 Re2 29. Rf2 Rxf2 30. Kxf2 Nd8 31. Ne8+ Kf7 32. Nxf6 Kxf6 33. cxd4 cxd4 34. Bxa5 Nc6 35. Bb6 Ke6 36. Ke2 Kd5 37. Kd2 Ne7 38. Bd8 Nc6 39. Bb6 Nb4 40. Ke2 Nc6 41. Kd2 1/2-1/2

[Event "Titled Tuesday intern op 05th Jul Early"]
[Site "Chess.com INT"]
[Date "2022.07.05"]
[Round "5"]
[White "Kapitsyn, Mark"]
[Black "Liyanage, Ranindu Dilshan"]
[Result "1-0"]
[WhiteElo "1814"]
[BlackElo "2286"]
[PlyCount "125"]
[EventDate "2022.07.05"]
[EventType "swiss (blitz)"]
[EventRounds "11"]
[EventCountry "USA"]
[SourceTitle "CBM 209 Extra"]
[Source "ChessBase"]
[SourceDate "2022.09.30"]
[SourceVersion "1"]
[SourceVersionDate "2022.09.30"]
[SourceQuality "1"]

1. e4 g6 2. d4 Bg7 3. Nc3 d6 4. Be3 a6 5. Qd2 Nd7 6. f3 b5 7. Bd3 Bb7 8. Nge2 e6 9. 0-0 Ne7 10. a4 b4 11. Nb1 a5 12. c3 c5 13. dxc5 Nxc5 14. Bb5+ Bc6 15. cxb4 Nb3 16. Bxc6+ Nxc6 17. Qc2 Nxa1 18. Qxc6+ Kf8 19. Bb6 Rc8 20. Qb5 Qe8 21. bxa5 Qxb5 22. axb5 Bxb2 23. a6 Nb3 24. a7 Kg7 25. Be3 Na5 26. b6 e5 27. Rd1 Nb7 28. h4 Rc6 29. Kf2 Rhc8 30. Nd2 Ba3 31. Nb3 Bc5 32. Nxc5 dxc5 33. Rb1 c4 34. Nc3 h5 35. Ra1 Ra8 36. Nd5 c3 37. Nc7 Rxc7 38. bxc7 Nd6 39. Bc5 Nc8 40. Ke3 c2 41. Kd2 Kf6 42. Kxc2 Ke6 43. Kc3 Kd7 44. Kc4 Kxc7 45. Kd5 Nb6+ 46. Bxb6+ Kxb6 47. Kxe5 Kc6 48. Kf6 Kd6 49. Kxf7 Ke5 50. Kxg6 Kf4 51. Kxh5 Kg3 52. e5 Kxg2 53. e6 Kxf3 54. e7 Kf4 55. e8Q Rxe8 56. a8Q Re5+ 57. Kg6 Re6+ 58. Kf7 Rh6 59. Rf1+ Kg3 60. Qa3+ Kxh4 61. Rh1+ Kg5 62. Qc5+ Kg4 63. Rxh6 1-0

[Event "Titled Tuesday intern op 28th Jun Early"]
[Site "Chess.com INT"]
[Date "2022.06.28"]
[Round "7"]
[White "Kapitsyn, Mark"]
[Black "Ismayil, Malak"]
[Result "0-1"]
[WhiteElo "1859"]
[BlackElo "2001"]
[PlyCount "66"]
[EventDate "2022.06.28"]
[EventType "swiss (blitz)"]
[EventRounds "11"]
[EventCountry "USA"]
[SourceTitle "CBM 209 Extra"]
[Source "ChessBase"]
[SourceDate "2022.09.30"]
[SourceVersion "1"]
[SourceVersionDate "2022.09.30"]
[SourceQuality "1"]

1. e4 e5 2. Nf3 Nc6 3. Bc4 Bc5 4. c3 Nf6 5. d3 d6 6. b4 Bb6 7. a4 a6 8. 0-0 h6 9. a5 Ba7 10. Nbd2 0-0 11. Re1 Ng4 12. Re2 Be6 13. h3 Nf6 14. Bxe6 fxe6 15. Qb3 Qd7 16. Nf1 Nh5 17. N1h2 Nf4 18. Bxf4 Rxf4 19. Rd1 Raf8 20. b5 Nxa5 21. Qa2 Bb6 22. bxa6 bxa6 23. Kh1 Kh8 24. d4 exd4 25. cxd4 Qf7 26. Rd3 Qg6 27. Ng4 Nc6 28. Qxa6 Nb4 29. Qc4 Nxd3 30. Qxd3 h5 31. Ngh2 d5 32. Qc2 Rxe4 33. Ne5 Qh7 0-1

[Event "Yaroslav the Wise op"]
[Site "Yaroslavl"]
[Date "2018.07.27"]
[Round "8"]
[White "Kapitsyn, Mark"]
[Black "Baglaev, Evgeniy"]
[Result "1-0"]
[WhiteElo "1997"]
[BlackElo "2137"]
[PlyCount "61"]
[EventDate "2018.07.20"]
[EventType "swiss"]
[EventRounds "9"]
[EventCountry "RUS"]
[SourceTitle "CBM 186 Extra"]
[Source "ChessBase"]
[SourceDate "2018.08.24"]
[SourceVersion "1"]
[SourceVersionDate "2018.08.24"]
[SourceQuality "1"]

1. e4 e6 2. d3 d5 3. Nd2 c5 4. Ngf3 Nf6 5. g3 Nc6 6. Bg2 g6 7. 0-0 Bg7 8. exd5 Nxd5 9. Nb3 Qe7 10. c4 Nc7 11. Be3 Na6 12. d4 0-0 13. Qc1 cxd4 14. Nfxd4 Ne5 15. Rd1 Qc7 16. Nb5 Qxc4 17. Nxa7 Qg4 18. h3 Qh5 19. g4 Nxg4 20. hxg4 Qxg4 21. Nxc8 Raxc8 22. Qd2 f5 23. f3 Qh5 24. Rac1 Rxc1 25. Rxc1 Be5 26. Qd7 Bh2+ 27. Kf1 e5 28. Rc8 f4 29. Rxf8+ Kxf8 30. Nc5 Kg8 31. Ne6 1-0